| 000 | 01726nam a2200241Ia 4500 | ||
|---|---|---|---|
| 003 | OSt | ||
| 005 | 20210108113213.0 | ||
| 008 | 191128s2007 ck ao gr 000 0 spa d | ||
| 020 | _a8423424766 | ||
| 040 |
_aCO-JMCR _cCO-JMCR |
||
| 041 | 0 | _aspa | |
| 082 | 0 | 4 |
_a658.827 / _bS592e _223 |
| 100 | 1 |
_aSimmons, John, _eautor _912793 |
|
| 245 | 1 | 3 |
_aEl estilo Starbucks : _bcómo crear un hogar fuera de hogar / _cJohn Simmons |
| 260 |
_aBarcelona : _bEdiciones Deusto, _c2007 |
||
| 300 |
_a186 páginas : _bilustraciones y fotografías a blanco y negro ; _c23 cm. |
||
| 505 | 0 | _aTodo empezó con un grano de café -- El inicio del viaje -- Ampliar el horizonte -- Amigos y vecinos -- En dirección a otro lugar -- Aquí, allá y acullá -- Hacerlo bien y hacer el bien | |
| 520 | 3 | _aEl café es un bien de consumo. Podemos tomar una taza de café en cualquier cafetería, bar o restaurante. Por ello es tan espectacular el modo en que Starbucks consiguió reinventar el café y hacer de él toda una experiencia nueva. Este libro cuenta la historia desde los orígenes en un mercado de pescado de Seattle hasta su presencia actual en todo el mundo, nos revela los secretos que se esconden tras su éxito, da las claves del "fenómeno Starbucks", que ha pasado en 15 años de ser una marca desconocida a colocarse entre las 50 marcas mundiales más valiosas, cuyo impacto es tan grande que se ha convertido en una marca que simboliza la edad moderna, construida a partir de la creación de una experiencia que puede reproducirse de forma uniforme en todo el mundo. | |
| 650 | 1 | 4 |
_aGrandes casos empresariales _912794 |
| 650 | 1 | 4 |
_aÉxito en los negocios _9605 |
| 650 | 2 | 4 |
_aAdministración de empresas _912795 |
| 942 |
_2ddc _cBK |
||
| 999 |
_c4616 _d4616 |
||